[Event "HUN-chT2 Barcza 2324"]
[Site "Hungary"]
[Date "2024.05.12"]
[Round "9.7"]
[White "Orso, Janos"]
[Black "Szilagyi, Tibor"]
[Result "1-0"]
[WhiteElo "1940"]
[BlackElo "2056"]
[PlyCount "73"]
[EventDate "2023.10.08"]
[EventType "team-tourn"]
[EventRounds "9"]
[EventCountry "HUN"]
[SourceTitle "EXT 2025"]
[Source "ChessBase"]
[SourceDate "2024.10.14"]
[SourceVersion "1"]
[SourceVersionDate "2024.10.14"]
[SourceQuality "1"]
[WhiteTeam "Nyiregyhaza SISE"]
[BlackTeam "Karsol DSBK"]
[WhiteTeamCountry "HUN"]
[BlackTeamCountry "HUN"]

1. d4 Nf6 2. c4 g6 3. Nc3 Bg7 4. e4 d6 5. f3 0-0 6. Be3 e5 7. d5 Nh5 8. Qd2 f5 9. Nge2 f4 10. Bf2 Nd7 11. 0-0-0 a6 12. Kb1 Rb8 13. Nc1 Bf6 14. Qe1 Ng7 15. Nb3 Be7 16. Be2 b6 17. Qg1 Nc5 18. Nd2 Bd7 19. g3 Na4 20. Rc1 Nxc3+ 21. Rxc3 c5 22. dxc6 Bxc6 23. Ka1 Ne6 24. Rc1 Kg7 25. Nb1 b5 26. Nc3 Qa5 27. Qd1 bxc4 28. Bxc4 Nc5 29. Nd5 Bxd5 30. Qxd5 Qb4 31. Rc2 fxg3 32. hxg3 Rxf3 33. Bxc5 Qxc5 34. Qe6 Qa7 35. Qg4 Rbf8 36. Rch2 h5 37. Rxh5 1-0

[Event "HUN-chT2 Barcza 1415"]
[Site "Hungary"]
[Date "2014.11.16"]
[Round "?"]
[White "Szilagyi, Tibor"]
[Black "Karacsony, Zsolt"]
[Result "1/2-1/2"]
[WhiteElo "2043"]
[BlackElo "2046"]
[PlyCount "54"]
[EventDate "2014.09.07"]
[EventType "team-tourn"]
[EventRounds "11"]
[EventCountry "HUN"]
[SourceTitle "EXT 2016"]
[Source "ChessBase"]
[SourceDate "2015.10.08"]
[SourceVersion "1"]
[SourceVersionDate "2015.10.08"]
[SourceQuality "1"]
[WhiteTeam "Debrecen Sakkbaratok"]
[BlackTeam "Sajobabony"]
[WhiteTeamCountry "HUN"]
[BlackTeamCountry "HUN"]

1. e4 c6 2. d4 d5 3. Nc3 dxe4 4. Nxe4 Nf6 5. Nxf6+ exf6 6. Nf3 Bg4 7. Be2 Bd6 8. h3 Bh5 9. 0-0 0-0 10. c4 Nd7 11. Bd2 Re8 12. Re1 Nf8 13. Qb3 b6 14. Qa4 Qc7 15. b4 Ne6 16. d5 cxd5 17. cxd5 Nf4 18. Rac1 Qb7 19. Ba6 Qb8 20. Bb5 Rf8 21. Nd4 a6 22. Bc6 Ra7 23. Re3 Be5 24. Rce1 Nxd5 25. Bxd5 b5 26. Nxb5 axb5 27. Qb3 Bh2+ 1/2-1/2

[Event "HUN-chT2 Barcza 1112 "]
[Site "Hungary"]
[Date "2012.05.20"]
[Round "11"]
[White "Molnar, Janos"]
[Black "Szilagyi, Tibor"]
[Result "0-1"]
[WhiteElo "2109"]
[BlackElo "2049"]
[PlyCount "130"]
[EventDate "2011.09.25"]
[EventType "team-tourn"]
[EventRounds "11"]
[EventCountry "HUN"]
[SourceTitle "EXT 2013"]
[Source "ChessBase"]
[SourceDate "2012.11.22"]
[SourceVersion "1"]
[SourceVersionDate "2012.11.22"]
[SourceQuality "1"]
[WhiteTeam "Piremon"]
[BlackTeam "Debrecen Sakkbaratok"]
[WhiteTeamCountry "HUN"]
[BlackTeamCountry "HUN"]

1. d4 Nf6 2. c4 e5 3. dxe5 Ng4 4. Nf3 Nc6 5. Nc3 Bc5 6. e3 Ngxe5 7. Nd4 d6 8. Be2 0-0 9. 0-0 Be6 10. Nd5 Bxd5 11. cxd5 Ne7 12. f4 Nd7 13. Bf3 Nb6 14. Nb3 Qd7 15. Nxc5 dxc5 16. e4 f5 17. Qc2 c4 18. Be3 fxe4 19. Bxe4 Nbxd5 20. Qxc4 Kh8 21. Bd2 Rad8 22. Rad1 c6 23. Qb3 Qc7 24. Qh3 Nf6 25. Bc2 Qb6+ 26. Be3 Qxb2 27. Bb3 Ned5 28. Bd4 Qe2 29. Rfe1 Qg4 30. Qxg4 Nxg4 31. h3 Ngf6 32. Be5 h6 33. g4 Rfe8 34. g5 hxg5 35. fxg5 Nd7 36. Bb2 N7b6 37. a4 a5 38. Bd4 Rf8 39. Kg2 Nc8 40. Kg3 Nce7 41. Bc5 Nf5+ 42. Kg4 Rf7 43. Re6 Kg8 44. Rde1 b6 45. Bg1 Nd6 46. Bh2 Nf5 47. g6 Nh6+ 48. Kg3 Nf5+ 49. Kg2 Rf6 50. Rxc6 Rxg6+ 51. Rxg6 Nh4+ 52. Kf2 Nxg6 53. Rd1 Nge7 54. Be5 Kh7 55. Rg1 g6 56. Kf3 Nb4 57. Ke4 Rd3 58. Be6 Rd2 59. Bg4 Ra2 60. Rf1 Nbc6 61. Kf4 Rxa4+ 62. Kg5 Nxe5 63. Bd7 Rd4 64. Be6 Kg7 65. Rb1 Nf3# 0-1

[Event "HUN-chT2 Maroczy 1011"]
[Site "Hungary"]
[Date "2010.09.26"]
[Round "2"]
[White "Runda, Mate Bence"]
[Black "Szilagyi, Tibor"]
[Result "0-1"]
[WhiteElo "1866"]
[BlackElo "2049"]
[PlyCount "88"]
[EventDate "2010.09.12"]
[EventType "team-tourn"]
[EventRounds "11"]
[EventCountry "HUN"]
[SourceTitle "EXT 2012"]
[Source "ChessBase"]
[SourceDate "2011.11.24"]
[SourceVersion "1"]
[SourceVersionDate "2011.11.24"]
[SourceQuality "1"]
[WhiteTeam "Miskolc EMSE"]
[BlackTeam "Debrecen SBE"]
[WhiteTeamCountry "HUN"]
[BlackTeamCountry "HUN"]

1. e4 e5 2. Nf3 Nc6 3. Bb5 a6 4. Bxc6 bxc6 5. 0-0 d6 6. h3 Nf6 7. Nc3 c5 8. d3 h6 9. Nh2 Be7 10. f4 exf4 11. Bxf4 0-0 12. Nd5 Nxd5 13. exd5 Rb8 14. b3 f5 15. Qh5 Bf6 16. Rae1 Bd7 17. Kh1 Bc3 18. Re2 Qf6 19. Bg3 Rbe8 20. Be1 Rxe2 21. Qxe2 Re8 22. Qf2 Bd4 23. Qd2 Qf7 24. c4 c6 25. Nf3 Be3 26. Qa5 cxd5 27. Qxa6 Qe6 28. cxd5 Qxd5 29. Qc4 Bc6 30. Bc3 Kh7 31. Qxd5 Bxd5 32. Re1 f4 33. Re2 Ra8 34. Nh4 g6 35. Nf3 g5 36. Kh2 Kg6 37. Ne1 h5 38. Nf3 g4 39. Ne1 Kf5 40. Bg7 Kg6 41. Bc3 Re8 42. Rb2 f3 43. gxf3 gxf3 44. Nc2 Bc1 0-1

[Event "HUN-chT2 Barcza 0910"]
[Site "Hungary"]
[Date "2010.04.18"]
[Round "10.6"]
[White "Szilagyi, Tibor"]
[Black "Zelei, Zoltan"]
[Result "1-0"]
[WhiteElo "2066"]
[BlackElo "2010"]
[PlyCount "119"]
[EventDate "2009.11.08"]
[EventType "team-tourn"]
[EventRounds "11"]
[EventCountry "HUN"]
[SourceTitle "EXT 2011"]
[Source "ChessBase"]
[SourceDate "2010.11.26"]
[SourceVersion "1"]
[SourceVersionDate "2010.11.26"]
[SourceQuality "1"]
[WhiteTeam "Debrecen Sakkbaratok"]
[BlackTeam "Mezokovesd"]
[WhiteTeamCountry "HUN"]
[BlackTeamCountry "HUN"]

1. e4 c5 2. Nc3 e6 3. g3 Nc6 4. Bg2 a6 5. Nge2 g6 6. d4 cxd4 7. Nxd4 Bg7 8. Be3 Nge7 9. 0-0 0-0 10. Qd2 Qc7 11. Rad1 Ne5 12. Qe2 Nc4 13. Bc1 Ne5 14. f4 N5c6 15. Nb3 d6 16. Be3 b5 17. Qf2 Rb8 18. Rd2 Rd8 19. Rfd1 f5 20. Nd4 fxe4 21. Nxe4 d5 22. Ng5 Nxd4 23. Bxd4 Bxd4 24. Qxd4 Qb6 25. Bh3 Qxd4+ 26. Rxd4 Nf5 27. Bxf5 gxf5 28. Re1 Rb6 29. h3 h6 30. Nf3 Kg7 31. Ne5 Kf6 32. Kf2 Rg8 33. Re3 Rg7 34. Rc3 Bb7 35. Rc5 Re7 36. Rd3 Rd6 37. Ke3 h5 38. Kd4 Rd8 39. Rdc3 Rg8 40. Rc7 Rgg7 41. Rxe7 Rxe7 42. Kc5 d4 43. Kxd4 Be4 44. g4 hxg4 45. hxg4 Rb7 46. g5+ Kg7 47. Rc8 b4 48. c4 bxc3 49. bxc3 Rb2 50. Rc7+ Kg8 51. Ng6 Rb7 52. Rc8+ Kg7 53. Ne5 Rb5 54. Rc7+ Kg8 55. c4 Ra5 56. Ng6 Bf3 57. c5 Bh5 58. Ne7+ Kf8 59. Ke5 Rxa2 60. Kf6 1-0

[Event "HUN-chT2 Barcza 0910"]
[Site "Hungary"]
[Date "2010.03.21"]
[Round "8.6"]
[White "Szilagyi, Tibor"]
[Black "Galko, Tibor"]
[Result "1-0"]
[WhiteElo "2066"]
[BlackElo "1871"]
[PlyCount "105"]
[EventDate "2009.11.08"]
[EventType "team-tourn"]
[EventRounds "11"]
[EventCountry "HUN"]
[SourceTitle "EXT 2011"]
[Source "ChessBase"]
[SourceDate "2010.11.26"]
[SourceVersion "1"]
[SourceVersionDate "2010.11.26"]
[SourceQuality "1"]
[WhiteTeam "Debrecen Sakkbaratok"]
[BlackTeam "Edeleny"]
[WhiteTeamCountry "HUN"]
[BlackTeamCountry "HUN"]

1. e4 d5 2. exd5 Qxd5 3. Nc3 Qa5 4. d4 c6 5. Nf3 Bf5 6. Be2 Nf6 7. 0-0 e6 8. Bd2 Qc7 9. Bg5 Nbd7 10. Bd3 Bxd3 11. Qxd3 Nd5 12. Ne2 h6 13. Bh4 b6 14. c4 N5f6 15. Rac1 Bd6 16. Bg3 0-0 17. b4 Bxg3 18. Nxg3 Rad8 19. Qe2 Qf4 20. Rfd1 Rfe8 21. Rc2 Kf8 22. Rcd2 Kg8 23. Rd3 a6 24. Qc2 Rc8 25. Ra3 Nb8 26. Ne5 Ng4 27. Rf3 Qg5 28. Nxf7 Qe7 29. Ne4 Rf8 30. Ned6 Rc7 31. Qg6 Qh4 32. h3 Nf6 33. Ne5 Qh5 34. Qc2 Nh7 35. g4 Qg5 36. Ne4 Qd8 37. Rxf8+ Nxf8 38. c5 b5 39. Nd6 Qg5 40. Qe4 h5 41. Kg2 hxg4 42. hxg4 Nbd7 43. f4 Qf6 44. Ne8 Qd8 45. Nxc7 Qxc7 46. Qxc6 Qxc6+ 47. Nxc6 Ng6 48. Ne5 Nxf4+ 49. Kf3 Nxe5+ 50. Kxf4 Ng6+ 51. Ke4 Kf7 52. d5 exd5+ 53. Rxd5 1-0

[Event "HUN-chT2 Barcza 0809"]
[Site "Hungary"]
[Date "2008.10.26"]
[Round "1.5"]
[White "Rogos, Jan Jr"]
[Black "Szilagyi, Tibor"]
[Result "1/2-1/2"]
[WhiteElo "2128"]
[BlackElo "2064"]
[PlyCount "93"]
[EventDate "2008.10.26"]
[EventType "tourn"]
[EventRounds "11"]
[EventCountry "HUN"]
[SourceTitle "EXT 2010"]
[Source "ChessBase"]
[SourceDate "2010.11.25"]
[SourceVersion "1"]
[SourceVersionDate "2010.11.25"]
[SourceQuality "1"]
[WhiteTeam "Kazincbarcika II"]
[BlackTeam "TEVA SE"]
[WhiteTeamCountry "HUN"]
[BlackTeamCountry "HUN"]

1. e4 e5 2. Nf3 Nf6 3. Nxe5 d6 4. Nf3 Nxe4 5. d4 d5 6. Be2 Be7 7. Bf4 Bf5 8. Nbd2 Nd7 9. c3 c6 10. Nxe4 Bxe4 11. 0-0 0-0 12. Nd2 Bg6 13. Re1 Re8 14. Bh5 Bxh5 15. Qxh5 Nf6 16. Qf3 Qd7 17. h3 h6 18. Re3 Nh7 19. Rae1 Bg5 20. Bxg5 Nxg5 21. Qe2 Kf8 22. h4 Rxe3 23. Qxe3 Nh7 24. Nf3 f6 25. Qf4 Kg8 26. Qe3 Kf7 27. Qd3 Nf8 28. g3 Re8 29. Rxe8 Kxe8 30. Kg2 Qe6 31. b4 b5 32. Nd2 f5 33. Nf3 Nd7 34. Nd2 Nf6 35. f3 Kd8 36. Nb3 Nd7 37. Kf2 g5 38. hxg5 hxg5 39. Qf1 Qh6 40. Qg1 Nf6 41. Ke2 g4 42. fxg4 fxg4 43. Qe3 Qh2+ 44. Kd3 Ne4 45. Nc5 Nf2+ 46. Kc2 Ne4+ 47. Kd3 1/2-1/2

[Event "HUN-chT2 Maroczy 0607"]
[Site "Hungary"]
[Date "2007.04.29"]
[Round "9"]
[White "Papp, Balazs"]
[Black "Szilagyi, Tibor"]
[Result "1-0"]
[WhiteElo "2064"]
[BlackElo "2118"]
[PlyCount "87"]
[EventDate "2006.11.12"]
[EventType "team-tourn"]
[EventRounds "11"]
[EventCountry "HUN"]
[SourceTitle "EXT 2008"]
[Source "ChessBase"]
[SourceDate "2007.11.25"]
[SourceVersion "1"]
[SourceVersionDate "2007.11.25"]
[SourceQuality "1"]
[WhiteTeam "Maroczy"]
[BlackTeam "Teva"]
[WhiteTeamCountry "HUN"]
[BlackTeamCountry "HUN"]

1. d4 d5 2. c4 dxc4 3. e3 e5 4. Bxc4 exd4 5. exd4 Nf6 6. Ne2 Be7 7. 0-0 0-0 8. Nbc3 a6 9. Bg5 b5 10. Bb3 Bb7 11. Rc1 Nbd7 12. Ng3 h6 13. Bf4 Rc8 14. Nf5 Bb4 15. Re1 Kh8 16. a3 Bxc3 17. Rxc3 Be4 18. Rxe4 Nxe4 19. Qg4 Ng5 20. h4 Nf6 21. Bxg5 Nxg4 22. Bxd8 Rcxd8 23. f3 g6 24. Ne7 Nf6 25. Nc6 Rd6 26. Ne5 Rxd4 27. Rxc7 Kg7 28. Bxf7 Rd7 29. Nxd7 Rxf7 30. Nxf6 Kxf6 31. Rc6+ Kf5 32. Rxa6 Rc7 33. Ra5 Kf4 34. Kh2 Rb7 35. Ra6 Kf5 36. g4+ Kf4 37. Rf6+ Ke3 38. Kg3 g5 39. hxg5 hxg5 40. Rf5 Kd3 41. Rc5 b4 42. axb4 Rxb4 43. Rxg5 Rxb2 44. Re5 1-0

[Event "HUN-chT2 Maroczy 0607"]
[Site "Hungary"]
[Date "2006.12.03"]
[Round "3"]
[White "Csatlos, Bela"]
[Black "Szilagyi, Tibor"]
[Result "1-0"]
[WhiteElo "2089"]
[BlackElo "2118"]
[PlyCount "123"]
[EventDate "2006.11.12"]
[EventType "team-tourn"]
[EventRounds "11"]
[EventCountry "HUN"]
[SourceTitle "EXT 2008"]
[Source "ChessBase"]
[SourceDate "2007.11.25"]
[SourceVersion "1"]
[SourceVersionDate "2007.11.25"]
[SourceQuality "1"]
[WhiteTeam "Kazincbarcika"]
[BlackTeam "Teva"]
[WhiteTeamCountry "HUN"]
[BlackTeamCountry "HUN"]

1. e4 e5 2. Nf3 Nc6 3. Nc3 Nf6 4. d4 exd4 5. Nxd4 Bb4 6. Nxc6 bxc6 7. Bd3 0-0 8. 0-0 Bxc3 9. bxc3 d5 10. e5 Ng4 11. f4 Qe7 12. Qf3 f5 13. h3 Nh6 14. a4 Qc5+ 15. Kh2 Qxc3 16. Ba3 Re8 17. Qf2 Be6 18. Bc5 Qa5 19. Qd4 Reb8 20. Rab1 g6 21. Rb3 Rxb3 22. cxb3 Nf7 23. Ra1 Qd2 24. Bb4 c5 25. Bxd2 cxd4 26. Rc1 Rb8 27. b4 Bd7 28. b5 Rc8 29. a5 c5 30. bxc6 Rxc6 31. Rb1 Rc7 32. Rb8+ Kg7 33. Bb4 g5 34. g4 gxf4 35. gxf5 Ng5 36. Bf8+ Kf7 37. e6+ Bxe6 38. fxe6+ Kxe6 39. Bb4 Nf3+ 40. Kg2 Ng5 41. Re8+ Kf6 42. Rf8+ Nf7 43. a6 Kg7 44. Rb8 Kf6 45. Rb7 Rc1 46. Rxa7 Ne5 47. Bb5 Rc2+ 48. Kf1 Rb2 49. Be7+ Kf5 50. Rb7 Ra2 51. Bd6 d3 52. Bxe5 d2 53. Ke2 f3+ 54. Kd1 Kxe5 55. a7 Kd4 56. Rxh7 Kc3 57. Rc7+ Kb4 58. Bd3 f2 59. h4 Ra3 60. Be2 d4 61. Kxd2 d3 62. Bf1 1-0